Top 20 most and least populated countries - Statistics

General Stats
  • This quiz has been taken 60 times
  • The average score is 33 of 40
Answer Stats
Population # Highest in Rank/Lowest in Rank % Correct
213,421,037 7 Brazil
96%
1,408,280,000 2 China
96%
1,417,492,000 1 India
96%
882 1 Vatican City
96%
284,438,783 4 Indonesia
94%
340,110,988 3 United States
94%
130,575,786 10 Mexico
92%
241,499,431 5 Pakistan
92%
69,281,437 20 United Kingdom
90%
123,300,000 11 Japan
88%
223,800,000 6 Nigeria
88%
146,028,325 9 Russia
88%
34,132 5 San Marino
88%
107,271,260 15 Egypt
87%
85,961,000 17 Iran
87%
169,828,911 8 Bangladesh
85%
83,491,249 19 Germany
85%
38,423 6 Monaco
85%
10,643 2 Tuvalu
85%
88,406 11 Andorra
83%
40,900 7 Liechtenstein
83%
110,872 16 St. Vincent and the Grenadines
83%
11,680 3 Nauru
81%
51,320 9 St. Kitts and Nevis
81%
112,832,000 13 Democratic Republic of the Congo
79%
111,652,998 14 Ethiopia
79%
205,557 20 Samoa
79%
184,100 19 St. Lucia
79%
120,740 17 Kiribati
77%
105,564 14 Micronesia
77%
16,733 4 Palau
77%
114,123,600 12 Philippines
77%
101,271,260 16 Vietnam
77%
100,179 12 Tonga
75%
85,664,944 18 Turkey
75%
42,418 8 Marshall Islands
73%
109,021 15 Grenada
71%
67,408 10 Dominica
69%
103,603 13 Antigua and Barbuda
62%
122,729 18 Seychelles
54%
No matching quizzes found
Score Distribution
Percent of People with Each Score
Percentile by Number Answered
Your Score History
You have not taken this quiz